ბათუმის შოთა რუსთაველის სახელმწიფო უნივერსიტეტის ბიბლიოთეკა

Монтаж систем внешнего водоснабжения и канализации (ბიბ.ჩანაწერი № 37404)

000 -LEADER
fixed length control field 00565nam a2200205Ia 4500
001 - CONTROL NUMBER
control field 3363
003 - CONTROL NUMBER IDENTIFIER
control field GE_BSU
008 - FIXED-LENGTH DATA ELEMENTS--GENERAL INFORMATION
fixed length control field 181216s||||||||xx |||||||||||||| ||und||
040 ## - CATALOGING SOURCE
Transcribing agency GE_BSU
245 ## - TITLE STATEMENT
Title Монтаж систем внешнего водоснабжения и канализации
245 ## - TITLE STATEMENT
Statement of responsibility, etc. Ред.Р.Л.Черкинская
250 ## - EDITION STATEMENT
Edition statement Изд 3-е.Перераб.и доп.
260 ## - PUBLICATION, DISTRIBUTION, ETC.
Place of publication, distribution, etc. М
260 ## - PUBLICATION, DISTRIBUTION, ETC.
Name of publisher, distributor, etc. Стройиздат
260 ## - PUBLICATION, DISTRIBUTION, ETC.
Date of publication, distribution, etc. 1978
300 ## - PHYSICAL DESCRIPTION
Extent 412 стр
300 ## - PHYSICAL DESCRIPTION
Dimensions 22см
300 ## - PHYSICAL DESCRIPTION
Accompanying material табл.412стр.
942 ## - ADDED ENTRY ELEMENTS (KOHA)
Koha item type წიგნი

არაა ხელმისაწვდომი ეგზემპლარები.